| 000 | 00784 a2200253 4500 | ||
|---|---|---|---|
| 003 | OSt | ||
| 005 | 20180116192400.0 | ||
| 008 | 120702t xxu||||| |||| 00| 0 eng d | ||
| 010 | _a 95212088 | ||
| 020 | _a0714829919 | ||
| 020 | _a9780714829913 | ||
| 035 | _a(OCoLC)33273103 | ||
| 040 | _c0 | ||
| 082 | _a709 | ||
| 245 | 0 | 0 |
_aArt history and its methods : _ba critical anthology / _cselection and commentary by Eric Fernie. |
| 260 |
_aLondon : _bPhaidon Press Ltd., _c1995 |
||
| 300 |
_a384 p. : _bill. ; _c23 cm. |
||
| 650 | 1 | 0 |
_aArt _xStudy and teaching. _95156 |
| 650 | 1 | 0 |
_aArt _xHistory. _95157 |
| 650 | 1 | 0 |
_aArt _xMethodology. _95158 |
| 700 | 1 |
_aFernie, E. C. _95159 |
|
| 942 |
_aSADA _cBK _k709 ART 1995 _2ddc |
||
| 999 |
_c353293 _d353293 |
||